00485nam a2200133 i 4500001000300000245011500003260003900118020001500157040000800172041000800180080002400188008004100212856009800253bg 0aAdvanced boundary element methods :bproceedings of the IUTAM Symposium, San Antonio, Texas, April 13-16 1987. aBerlin :bSpringer- Verlag,c1988. a3540174540 cBPK apol a624:539.3/.6:519.63 s pl f |000 0 pol  uhttp://koha.tu.koszalin.pl/cgi-bin/koha/opac-detail.pl?biblionumber=28853yKatalog online BPK